000 01150cam a2200253 4500
001 ABS63554
008 000000n2001 000 0 eng u
035 _a(Sirsi) u111133
245 _aEron Park Ltd v SOS Environment
260 _c2001
490 _aRating and Valuation Reporter
_v[2001] RVR 5-21(17)
520 _aLT 21 September 2000. , Park Lane, Registered nursing home owned by the claimant E. Sought compensation for loss of profits due to blight from mid 1989, and compulsory acquired by S in connection with the Highways Agency's plans for a new bypass. The business relocated. "Held" the compensation payable by S was £488,569 for loss of profits, together with additional costs due to disturbance.
590 _aABS
650 _aERON PARK LTD V SOS ENVIRONMENT TRANSPORT AND REGIONS
650 _aNURSING HOMES
650 _aLAND COMPENSATION ACT 1961 S1
650 _aLOSS OF PROFITS
650 _aDISTURBANCE
650 _aBLIGHT
650 _aEXTENSION
650 _aPLANNING PERMISSION
690 _aENVIRONMENTAL AND LAND CONSULTANCY-PLANNING AND DEVELOPMENT-COMPULSORY PURCHASE AND COMPENSATION
942 _n0
999 _c66210
_d66210